| 000 | 00396nam a22001457a 4500 | ||
|---|---|---|---|
| 005 | 20150317122709.0 | ||
| 008 | 150317b xxu||||| |||| 00| 0 eng d | ||
| 040 | _cPK-LaUMT | ||
| 082 |
_aKHC 954.918 _bSHA-D |
||
| 100 | _aشریف، محمد | ||
| 245 |
_aداستان راعیاں _cمحمد شریف |
||
| 260 |
_aسیالکوٹ _bزمزمہ پریس _c[N.D] |
||
| 300 | _a508 ص | ||
| 942 | _cBK | ||
| 999 |
_c67959 _d67959 |
||